| 000 | 00578nam a2200193Ia 4500 | ||
|---|---|---|---|
| 005 | 20250923145327.0 | ||
| 008 | 008 250917s9999 xx 000 0 eng d | ||
| 037 | _aTextual | ||
| 040 |
_aDSWL _beng _cDSWL |
||
| 041 |
_aeng _2eng |
||
| 084 |
_aYX,Z2.6, N75 _qDSWL |
||
| 245 | 0 |
_aYouth for Development: An African perspective _c by CommonwealthYouth Programme |
|
| 260 |
_aLondon _bThe Commenwealth Sectt. Pub. _c1975 |
||
| 300 | _axiii,203p. | ||
| 365 |
_aGBP _b1 . 5 |
||
| 925 | _g1 . 5 | ||
| 942 |
_cTEXL _hYX,Z2.6, N75 |
||
| 999 |
_c1450031 _d1450031 |
||